[Event "Mondiale Lampo FIDE 2017"]
[Site "Riyadh"]
[Date "30.12.2017"]
[Round "14.13"]
[White "Andriasian, Zaven"]
[Black "Amin, Bassem"]
[Result "1-0"]
[WhiteTitle "GM"]
[BlackTitle "GM"]
[WhiteElo "2585"]
[BlackElo "2689"]
[WhiteFideId "13302000"]
[BlackFideId "10601457"]
[EventDate "2017.12.29"]

1. e4 e5 2. Nf3 Nc6 3. Bc4 Nf6 4. d3 h6 5. O-O d6 6. c3 g6 7. d4 Qe7 8. Re1 Bg7
9. Nbd2 O-O 10. h3 Kh8 11. Bd3 Nh5 12. Nb3 Qf6 13. Be3 Nf4 14. Bf1 g5 15. Nh2
Qg6 16. Bxf4 gxf4 17. Kh1 Rg8 18. dxe5 Bxe5 19. Qf3 Be6 20. Rad1 Qg5 21. Nd4 Bd7
22. Nf5 Bxf5 23. exf5 Qxf5 24. Bb5 Nd8 25. Ng4 Qg5 26. Nxe5 dxe5 27. Rd5 f6 28.
Rd7 Rg7 29. Red1 Ne6 30. Bc4 Rxd7 31. Rxd7 Ng7 32. Qxb7 Re8 33. Rxc7 e4 34. Rc8
f3 35. Rxe8+ Nxe8 36. gxf3 e3 37. fxe3 Qxe3 38. Qe4 Qc1+ 39. Kg2 Qxb2+ 40. Qe2
Qxe2+ 41. Bxe2 Kg7 42. f4 Nd6 43. Kf3 Kf7 44. c4 Nb7 45. Ke4 Nc5+ 46. Kd5 Ne6
47. Kd6 Nxf4 48. Bf1 Ke8 49. c5 Ng6 50. c6 Ne7 51. c7 Nc8+ 52. Ke6 Nb6 53. Ba6
f5 54. c8=Q+ Nxc8 55. Bxc8 f4 56. Ba6 f3 57. Kf6 Kd7 58. Kg6 Kc6 59. Kxh6 Kb6
60. Bf1 Kc5 61. Kg5 Kb4 62. h4 Ka3 63. h5 1-0

[Event "Mondiale Lampo FIDE 2017"]
[Site "Riyadh"]
[Date "30.12.2017"]
[Round "14.14"]
[White "Grischuk, Alexander"]
[Black "Fressinet, Laurent"]
[Result "1-0"]
[WhiteTitle "GM"]
[BlackTitle "GM"]
[WhiteElo "2772"]
[BlackElo "2662"]
[WhiteFideId "4126025"]
[BlackFideId "608742"]
[EventDate "2017.12.29"]

1. Nf3 d5 2. b3 Bg4 3. e3 Nf6 4. Bb2 e6 5. h3 Bh5 6. g4 Bg6 7. Ne5 Nfd7 8. Nxg6
hxg6 9. Bg2 Nf6 10. c4 c6 11. Qe2 Nbd7 12. Nc3 Bd6 13. Rd1 Qe7 14. O-O O-O 15.
d4 Bb4 16. Qc2 a6 17. Ne2 Rac8 18. Nf4 Bd6 19. Rfe1 Rfd8 20. Nd3 e5 21. dxe5
Nxe5 22. Nf4 dxc4 23. bxc4 Ba3 24. Bd4 Bb4 25. Rf1 Bc5 26. Qb3 g5 27. Bxe5 Qxe5
28. Nd3 Qe7 29. Nxc5 Qxc5 30. Qxb7 Qxc4 31. Rxd8+ Rxd8 32. Qxc6 Qxa2 33. Qc5 a5
34. Qxg5 a4 35. Qa5 Rd2 36. Bf3 Nh7 37. g5 Nf8 38. h4 a3 39. h5 g6 40. h6 Qb2
41. Qa8 Qe5 42. h7+ Kxh7 43. Qxf8 Qxg5+ 44. Bg2 a2 45. Qxf7+ Kh6 46. Qf8+ Kh7
47. Qf7+ Kh6 48. Ra1 Qb5 49. Qf4+ Kg7 50. Qc7+ Kh6 51. Qf4+ Kg7 52. Bf1 Qb2 53.
Qc7+ Kh6 54. Qc1 Rxf2 55. Qxb2 Rxb2 56. Bd3 g5 57. e4 Kg7 58. e5 Kf8 59. Bf5 Rb5
60. Rxa2 Rxe5 61. Bg4 Ke7 62. Kf2 Kd6 63. Kf3 Rc5 64. Ke4 Rc4+ 65. Kf5 Rf4+ 66.
Kxg5 Rd4 67. Bf5 Ke5 68. Re2+ Kd6 69. Kf6 Rd5 70. Be4 Rd4 71. Kf5 Kc5 72. Ke5
Rc4 73. Rd2 Rc3 74. Rd8 Kc4 75. Bd5+ Kc5 76. Ke4 Kb6 77. Kd4 Rc7 78. Rb8+ Ka7
79. Rb1 Ka6 80. Ke5 Ka7 81. Kd6 Rc3 82. Bc6 Ka6 83. Kc7 Ka5 84. Rb8 Rc5 85. Kd6
Rc1 86. Rb5+ Ka6 87. Kc7 Rc3 88. Rh5 Rc1 89. Rh8 Ka5 90. Rh4 Ra1 91. Rc4 Ka6 92.
Rc5 Ra3 93. Rh5 Ra1 94. Rh8 Ka5 95. Ra8+ 1-0

[Event "Mondiale Lampo FIDE 2017"]
[Site "Riyadh"]
[Date "30.12.2017"]
[Round "14.15"]
[White "Melkumyan, Hrant"]
[Black "Bacrot, Etienne"]
[Result "1-0"]
[WhiteTitle "GM"]
[BlackTitle "GM"]
[WhiteElo "2633"]
[BlackElo "2725"]
[WhiteFideId "13302485"]
[BlackFideId "605506"]
[EventDate "2017.12.29"]

1. d4 d5 2. c4 e6 3. Nf3 Nf6 4. Nc3 Be7 5. Bf4 O-O 6. e3 Nbd7 7. c5 Ne4 8. Rc1
f5 9. h3 c6 10. Be2 g5 11. Bh2 Ndf6 12. Ne5 Bd7 13. O-O Be8 14. b4 a6 15. a4 Kh8
16. Nxe4 Nxe4 17. f3 Nf6 18. Bd3 Nd7 19. Nxd7 Qxd7 20. Be5+ Bf6 21. Bxf6+ Rxf6
22. f4 Qg7 23. Qf3 g4 24. hxg4 fxg4 25. Qg3 Bg6 26. Be2 h5 27. Kf2 Kg8 28. Rh1
Kf7 29. Qh4 Ke7 30. g3 Kf7 31. Rc3 Kg8 32. Rb3 Rf7 33. Rb2 e5 34. Rd2 Re8 35.
Re1 exd4 36. exd4 Rfe7 37. Qg5 Re3 38. f5 Bxf5 39. Qxf5 R3e4 40. Qxh5 Rxd4 41.
Rxd4 Qxd4+ 42. Kg2 Re4 43. Qg6+ Qg7 44. Qxg7+ Kxg7 45. b5 Rxa4 46. b6 Kf6 47.
Rh1 Ra2 48. Kf2 d4 49. Rh6+ Ke5 50. Ke1 Kd5 51. Rh5+ Ke4 52. Bxg4 d3 53. Rh7 Ke3
54. Re7+ Kd4 55. Rxb7 Ra1+ 56. Kf2 Ra2+ 57. Ke1 Ra1+ 58. Bd1 Kxc5 59. Rd7 Ra3
60. Kd2 Kxb6 61. Rxd3 Ra2+ 62. Bc2 Ra1 63. Bd1 a5 64. g4 a4 65. Rc3 Ra2+ 66. Rc2
Ra3 67. Rc4 Ra2+ 68. Kc3 a3 69. Bc2 Ra1 70. Ra4 Rg1 71. Bf5 Rg3+ 72. Kb4 c5+ 73.
Kc4 Kc6 74. Ra5 Kb6 75. Ra4 Kc6 76. Ra8 Kb7 77. Re8 a2 78. Re1 Ra3 79. Ra1 Kc6
80. g5 Kd6 81. g6 Ke5 82. Bc2 Kd6 83. Bb3 Ra7 84. Rxa2 Rb7 85. Ra6+ Ke5 86. Bc2
Rb4+ 87. Kc3 Rg4 88. Ra8 Kd6 89. Rf8 Kd5 1-0

[Event "Mondiale Lampo FIDE 2017"]
[Site "Riyadh"]
[Date "30.12.2017"]
[Round "14.16"]
[White "Laznicka, Viktor"]
[Black "Jobava, Baadur"]
[Result "0-1"]
[WhiteTitle "GM"]
[BlackTitle "GM"]
[WhiteElo "2647"]
[BlackElo "2690"]
[WhiteFideId "316385"]
[BlackFideId "13601520"]
[EventDate "2017.12.29"]

1. d4 Nf6 2. Bf4 c5 3. d5 d6 4. Nc3 g6 5. e4 Bg7 6. Be2 O-O 7. a4 Re8 8. Nf3 Na6
9. O-O Nb4 10. h3 h6 11. Re1 g5 12. Bh2 e6 13. Bb5 Re7 14. e5 Nfxd5 15. exd6 Rd7
16. Nxd5 Nxd5 17. Bxd7 Bxd7 18. Ne5 Be8 19. c4 Nf6 20. Ra3 Qa5 21. Rd3 Rd8 22.
b3 Nd7 23. Nxd7 Bxd7 24. Be5 f6 25. Bc3 Qb6 26. a5 Qc6 27. Qh5 e5 28. Rd2 Be8
29. Qd1 Rd7 30. Re3 Bf8 31. Red3 Bg6 32. Rf3 Kg7 33. Rd5 Be4 34. Rxf6 Kxf6 35.
Rxe5 Kf7 36. Qh5+ Kg8 37. Qe8 Bh7 38. Qe6+ Rf7 39. Rd5 Qd7 40. Qe3 b6 41. a6 Rf5
42. Rd2 Bg6 43. Qe4 Kh7 44. Qb7 Rf7 45. Qd5 Bf5 46. Qe5 Bg7 47. Qe3 Bxc3 48.
Qxc3 Qe6 49. Qg3 Qe1+ 0-1

[Event "Mondiale Lampo FIDE 2017"]
[Site "Riyadh"]
[Date "30.12.2017"]
[Round "14.17"]
[White "Khismatullin, Denis"]
[Black "Bortnyk, Olexandr"]
[Result "1-0"]
[WhiteTitle "GM"]
[BlackTitle "GM"]
[WhiteElo "2632"]
[BlackElo "2610"]
[WhiteFideId "4142578"]
[BlackFideId "14120828"]
[EventDate "2017.12.29"]

1. c4 Nf6 2. Nf3 g6 3. g3 b6 4. Bg2 Bb7 5. O-O Bg7 6. d4 O-O 7. Qc2 e6 8. Nc3 d5
9. cxd5 exd5 10. b3 Re8 11. e3 Nbd7 12. Bb2 Nf8 13. Rac1 Ne6 14. Rfd1 a6 15. b4
Qe7 16. Qb3 c6 17. a4 a5 18. bxa5 bxa5 19. Ba3 Qc7 20. Nb5 Qb6 21. Bc5 Qa6 22.
Nc7 Nxc7 23. Bf1 Ne6 24. Bxa6 Bxa6 25. Ba3 Ne4 26. Kg2 Be2 27. Rxc6 Rab8 28. Qc2
Bxd1 29. Qxd1 h5 30. Qc2 Bf6 31. h4 Kg7 32. Bd6 Nxd6 33. Rxd6 Rec8 34. Rc6 Rd8
35. Ne1 Rb7 36. Nd3 Rdb8 37. Rc8 Rxc8 38. Qxc8 Rc7 39. Qa8 Rc3 40. Ne5 Bxe5 41.
dxe5 Rc5 42. Qa7 d4 43. exd4 Rd5 44. Qa8 Rxd4 45. Qxa5 Rc4 46. Qb5 Rc5 47. Qb4
Rxe5 48. Qc3 f6 49. a5 Nc5 50. Qc4 Rf5 51. a6 Nxa6 52. Qxa6 Kg8 53. Qc8+ Kg7 54.
Qd7+ Kg8 55. Qe7 Kh8 56. Qf7 1-0

[Event "Mondiale Lampo FIDE 2017"]
[Site "Riyadh"]
[Date "30.12.2017"]
[Round "14.18"]
[White "Akobian, Varuzhan"]
[Black "Bu, Xiangzhi"]
[Result "1/2-1/2"]
[WhiteTitle "GM"]
[BlackTitle "GM"]
[WhiteElo "2647"]
[BlackElo "2730"]
[WhiteFideId "13300580"]
[BlackFideId "8601445"]
[EventDate "2017.12.29"]

1. d4 Nf6 2. c4 e6 3. Nf3 d5 4. Nc3 Bb4 5. cxd5 exd5 6. Qa4+ Nc6 7. Bg5 h6 8.
Bxf6 Qxf6 9. e3 O-O 10. Rc1 Be6 11. a3 Bd6 12. Nb5 a6 13. Nxd6 cxd6 14. Be2 Rfc8
15. O-O b5 16. Qb3 Qd8 17. Qa2 Na5 18. b3 Rxc1 19. Rxc1 Rc8 20. Rxc8 Qxc8 21.
Qb2 Qc6 22. Bd3 Qc8 23. Qc2 Qxc2 24. Bxc2 Nc6 25. Kf1 Kf8 26. Ke1 Ke7 27. Kd2
Kd7 28. Kc3 Kc7 29. Ne1 Nb8 30. Nd3 Nd7 31. Nf4 Nf6 32. f3 g5 33. Ne2 Ng8 34. g4
Ne7 35. Ng3 Bd7 36. h3 Ng8 37. Bf5 Bc6 38. Nh5 a5 39. b4 a4 40. Bh7 Ne7 41. Nf6
Kd8 42. e4 dxe4 43. fxe4 d5 44. e5 Ng6 45. Bxg6 fxg6 46. Kd3 Ke7 47. Ke3 Kf7 48.
Kf3 Kg7 49. Kg3 Kf7 50. Kf3 Kg7 51. Kg3 Kf7 1/2-1/2

[Event "Mondiale Lampo FIDE 2017"]
[Site "Riyadh"]
[Date "30.12.2017"]
[Round "14.19"]
[White "Aronian, Levon"]
[Black "Vallejo Pons, Francisco"]
[Result "1/2-1/2"]
[WhiteTitle "GM"]
[BlackTitle "GM"]
[WhiteElo "2805"]
[BlackElo "2707"]
[WhiteFideId "13300474"]
[BlackFideId "2205530"]
[EventDate "2017.12.29"]

1. d4 d5 2. c4 dxc4 3. e3 e6 4. Bxc4 Nf6 5. Nf3 c5 6. O-O cxd4 7. exd4 Be7 8.
Nc3 O-O 9. Be3 a6 10. Ne5 Nc6 11. a3 Nxe5 12. dxe5 Nd7 13. f4 b5 14. Bd3 Bb7 15.
Be4 Bc5 16. Qf3 Bxe3+ 17. Qxe3 Bxe4 18. Nxe4 Nb6 19. Rad1 Nd5 20. Qg3 Qb6+ 21.
Kh1 Ne3 22. Nf6+ Kh8 23. Qh4 h6 24. Qf2 gxf6 25. Rd3 Rg8 26. Rxe3 f5 27. Qh4 Rg6
28. Rg3 Rag8 29. Rxg6 Rxg6 30. Qf2 Qc6 31. Kg1 Kh7 32. Rd1 Qe4 33. g3 h5 34. h4
b4 35. axb4 Qxb4 36. Kh2 Qb3 37. Rd7 Kg7 38. Rc7 a5 39. Rc3 Qb4 40. Qe2 a4 41.
Qc2 Qd4 42. Qe2 Qb4 43. Qc2 Qd4 44. Qe2 Qd5 45. Qd3 Qb7 46. Qc2 Qb5 1/2-1/2

[Event "Mondiale Lampo FIDE 2017"]
[Site "Riyadh"]
[Date "30.12.2017"]
[Round "14.20"]
[White "Ponomariov, Ruslan"]
[Black "Vidit, Santosh Gujrathi"]
[Result "0-1"]
[WhiteTitle "GM"]
[BlackTitle "GM"]
[WhiteElo "2694"]
[BlackElo "2715"]
[WhiteFideId "14103320"]
[BlackFideId "5029465"]
[EventDate "2017.12.29"]

1. Nf3 d5 2. d4 Nf6 3. c4 e6 4. g3 Bb4+ 5. Bd2 Be7 6. Bg2 O-O 7. O-O Nbd7 8. Qc2
c6 9. Rd1 b6 10. Ne5 Nxe5 11. dxe5 Nd7 12. cxd5 cxd5 13. Bf4 g5 14. Be3 Nxe5 15.
Bd4 Ng6 16. e4 e5 17. exd5 exd4 18. d6 Bxd6 19. Bxa8 Qf6 20. Be4 Ba6 21. Nd2 Rc8
22. Qb3 Ne5 23. Bg2 Bd3 24. Ne4 Bxe4 25. Bxe4 Bc5 26. Kg2 a5 27. Rd2 Kg7 28. Qd1
g4 29. a3 Re8 30. Rc1 h5 31. b4 axb4 32. axb4 Bxb4 33. Rxd4 Bc5 34. Rd2 h4 35.
gxh4 Rh8 36. Qb3 Qf4 37. Qd5 Rxh4 38. Rh1 Rh6 39. Re2 Rd6 40. Qb3 Rd2 41. Rhe1
Bxf2 42. Rxd2 Qxd2 43. Rd1 Qf4 44. Qc2 Bc5 45. Qe2 f5 46. Bd5 Kf6 47. Kh1 g3 48.
h3 Kg5 49. Bg2 Qe3 50. Qa2 Ng6 51. Rf1 Qe5 52. Qf7 Bf2 53. Rd1 Qe2 54. Ra1 Qe5
55. Rb1 Nh4 56. Qg8+ Ng6 57. Qd8+ Kh6 58. Rd1 b5 59. Qd2+ f4 60. Rb1 Qf5 61. Qd1
Be3 62. Ra1 b4 63. Ra6 0-1

[Event "Mondiale Lampo FIDE 2017"]
[Site "Riyadh"]
[Date "30.12.2017"]
[Round "14.21"]
[White "Savchenko, Boris"]
[Black "Cheparinov, Ivan"]
[Result "1-0"]
[WhiteTitle "GM"]
[BlackTitle "GM"]
[WhiteElo "2566"]
[BlackElo "2710"]
[WhiteFideId "4147332"]
[BlackFideId "2905540"]
[EventDate "2017.12.29"]

1. e4 e5 2. Nf3 Nc6 3. Bc4 Bc5 4. d3 Nf6 5. c3 d6 6. O-O h6 7. a4 a5 8. Na3 O-O
9. Nc2 Ne7 10. d4 Ba7 11. dxe5 Nxe4 12. Be3 d5 13. Bd3 Ng6 14. Bxa7 Rxa7 15. Re1
Nc5 16. Bf1 c6 17. h3 Ra8 18. Ncd4 Re8 19. Qc2 Qc7 20. b4 Ne4 21. Bd3 Nxe5 22.
Bxe4 dxe4 23. Qxe4 Nxf3+ 24. Qxf3 Bd7 25. Nf5 Be6 26. Qg4 Bxf5 27. Qxf5 axb4 28.
cxb4 Qd6 29. Rxe8+ Rxe8 30. b5 Qd4 31. Rc1 Qxa4 32. Qd7 Rf8 33. b6 Qa8 34. g3
Qc8 35. Qe7 Re8 36. Qd6 Qxh3 37. Qc7 Qc8 38. Rd1 Kh7 39. Rd7 Qxc7 40. Rxc7 Rb8
41. Rxf7 Kg6 42. Rc7 Kf6 43. f4 g5 44. Kg2 gxf4 45. gxf4 Kf5 46. Kf3 h5 47. Rg7
Kf6 48. Rh7 Kg6 49. Rd7 Kf6 50. Rc7 Kf5 51. Ke3 Re8+ 52. Kf3 Rb8 53. Ke3 Re8+
54. Kd4 Rb8 55. Rf7+ Ke6 56. Rh7 Rd8+ 57. Kc4 Rd7 58. Rxh5 Rd1 59. Rh7 Rf1 60.
Rxb7 Kd6 61. Rf7 Rc1+ 62. Kd3 Rb1 63. b7 Ke6 64. Rc7 Kd6 65. Rh7 c5 66. f5 Kd5
67. f6 1-0

[Event "Mondiale Lampo FIDE 2017"]
[Site "Riyadh"]
[Date "30.12.2017"]
[Round "14.22"]
[White "Li, Chao b"]
[Black "Fedoseev, Vladimir3"]
[Result "0-1"]
[WhiteTitle "GM"]
[BlackTitle "GM"]
[WhiteElo "2732"]
[BlackElo "2718"]
[WhiteFideId "8604436"]
[BlackFideId "24130737"]
[EventDate "2017.12.29"]

1. d4 Nf6 2. c4 g6 3. Nc3 Bg7 4. e4 d6 5. Nf3 O-O 6. Be2 e5 7. dxe5 dxe5 8. Qxd8
Rxd8 9. Bg5 Re8 10. Nd5 Nxd5 11. cxd5 c6 12. O-O cxd5 13. exd5 e4 14. Nd2 Re5
15. Bf4 Rxd5 16. Nxe4 Nc6 17. Rad1 Be6 18. b3 Nd4 19. Bc4 Ra5 20. Rd2 Bxc4 21.
bxc4 Re8 22. Re1 Re6 23. Kf1 f5 24. Bc7 Ra4 25. Nd6 Rxe1+ 26. Kxe1 Ne6 27. Nb5
a6 28. Re2 axb5 29. Rxe6 bxc4 30. Bd6 Bc3+ 31. Kf1 b5 32. a3 Bb2 33. Re8+ Kf7
34. Re7+ Kf6 35. Rb7 c3 36. Rc7 Rc4 37. Be7+ Ke6 38. Rb7 c2 39. Bg5 f4 0-1

[Event "Mondiale Lampo FIDE 2017"]
[Site "Riyadh"]
[Date "30.12.2017"]
[Round "14.23"]
[White "Safarli, Eltaj"]
[Black "Van Foreest, Jorden"]
[Result "1-0"]
[WhiteTitle "GM"]
[BlackTitle "GM"]
[WhiteElo "2639"]
[BlackElo "2629"]
[WhiteFideId "13402129"]
[BlackFideId "1039784"]
[EventDate "2017.12.29"]

1. e4 e5 2. Nf3 Nc6 3. Nc3 Nf6 4. a3 d5 5. Bb5 Nxe4 6. Qe2 Nxc3 7. Qxe5+ Be7 8.
dxc3 O-O 9. Qh5 Bf6 10. O-O g6 11. Qh6 Bg7 12. Qf4 a6 13. Bxc6 bxc6 14. Be3 Rb8
15. Rab1 Qd6 16. Qh4 Bf5 17. b4 Bxc2 18. Bc5 Qf6 19. Bxf8 Qxh4 20. Nxh4 Kxf8 21.
Rbc1 Be4 22. Nf3 Bh6 23. Ra1 Bg7 24. Nd4 Rb6 25. f3 Bd3 26. Rfd1 Bc4 27. a4 a5
28. bxa5 Ra6 29. Rab1 Bh6 30. Rb8+ Kg7 31. Rb7 Bf4 32. Nb3 Bd6 33. Nd2 Bd3 34.
Nb3 Bc4 35. Nd2 Be2 36. Re1 Bd3 37. Nb3 Bc4 38. Nd2 Bd3 39. Ra1 Be5 40. Ra3 Bd6
41. Ra2 Rxa5 42. Nb3 Ra6 43. Nd4 Bc4 44. Ra1 c5 45. Nb5 Be5 46. Ra3 c6 47. Nc7
Ra5 48. Ne6+ Kf6 49. Nd8 d4 50. Nxc6 dxc3 51. Nxe5 Kxe5 52. Rxc3 Rxa4 53. Rd7
Be6 54. Rxc5+ Kf6 55. Rd2 h5 56. Kf2 Ra3 57. h4 Ra4 58. Kg3 Ra1 59. Rb5 Ra4 60.
Rdb2 Rc4 61. R5b4 Rc5 62. Rf4+ Kg7 63. Rb6 Ra5 64. Re4 Ra7 65. Kf4 Bd5 66. Rd4
Be6 67. Rb5 Rc7 68. Rd2 Kf6 69. Rb6 Rc4+ 70. Kg3 Ra4 71. Re2 Rc4 72. Rd6 Ke7 73.
Red2 Kf6 74. R6d4 Rc5 75. Rf4+ Kg7 76. Rb2 Rc7 77. Rfb4 Kf6 78. Rb7 Rc5 79. R2b4
Kg7 80. Ra7 Rc2 81. Re4 Kf6 82. Rf4+ Kg7 83. Re4 Kf6 84. Rd4 Rb2 85. Ra3 Kg7 86.
Rad3 Ra2 87. Rd2 Ra7 88. Kf4 Kf6 89. g4 hxg4 90. fxg4 Ra1 91. g5+ Kg7 92. Ke5
Ra5+ 93. Kd6 Ra6+ 94. Ke5 Ra5+ 95. Kf4 Rf5+ 96. Ke4 Ra5 97. Rb4 Bf5+ 98. Kf4 Be6
99. Re4 Bf5 100. Red4 Be6 101. Re2 Rf5+ 102. Ke3 Rf1 103. Rf2 Re1+ 104. Kf4 Bf5
105. Kf3 Be6 106. Re2 Rf1+ 107. Ke4 Ra1 108. Ke5 Ra5+ 109. Kd6 Ra6+ 110. Kc7
Ra7+ 111. Kb6 Ra1 112. Ree4 Rc1 113. Rd8 Rc2 114. Ra4 Rb2+ 115. Kc5 Rc2+ 116.
Kb4 Rc4+ 117. Kb5 Rxa4 118. Kxa4 f6 119. Rd6 Kf7 120. Kb4 Ke7 121. Rb6 fxg5 122.
hxg5 Bf5 123. Kc5 Be4 124. Kd4 Bf5 125. Ke5 Bd3 126. Rb7+ Kf8 127. Kf6 Kg8 128.
Rd7 Bc2 129. Rg7+ Kh8 130. Kf7 Bf5 131. Kf8 Bb1 132. Re7 Ba2 133. Re3 Bg8 134.
Rg3 Bh7 135. Kf7 1-0

[Event "Mondiale Lampo FIDE 2017"]
[Site "Riyadh"]
[Date "30.12.2017"]
[Round "14.24"]
[White "Guseinov, Gadir"]
[Black "Socko, Bartosz"]
[Result "0-1"]
[WhiteTitle "GM"]
[BlackTitle "GM"]
[WhiteElo "2646"]
[BlackElo "2593"]
[WhiteFideId "13401378"]
[BlackFideId "1107038"]
[EventDate "2017.12.29"]

1. e4 e6 2. d4 d5 3. Nd2 Nf6 4. e5 Nfd7 5. Ngf3 c5 6. c3 Nc6 7. Bd3 g6 8. h4 h6
9. Qe2 Bg7 10. a3 a5 11. Qe3 b6 12. Nf1 Ba6 13. Bxa6 Rxa6 14. N1h2 Ra7 15. Ng4
a4 16. Qf4 Na5 17. Rb1 Nb3 18. Be3 cxd4 19. cxd4 Rc7 20. O-O Rc4 21. Rfd1 h5 22.
Ngh2 O-O 23. Qg3 Qc7 24. Ng5 Nxd4 25. Bxd4 Rxd4 26. Rxd4 Bxe5 27. Nxe6 Qc2 28.
Qd3 Qxd3 29. Rxd3 fxe6 30. Re1 Kf7 31. Nf3 Bf6 32. b4 Rc8 33. g3 Rc4 34. Kg2 b5
35. Rde3 e5 36. Ng5+ Ke7 37. Rf3 e4 38. Rf4 Ne5 39. f3 Bxg5 40. hxg5 Nd3 41. Rd1
Rc2+ 42. Kh3 Nf2+ 43. Kh4 Nxd1 44. g4 hxg4 45. fxe4 Rc4 46. Rf6 dxe4 47. Rxg6 e3
48. Rg7+ Kf8 49. Rg6 Re4 50. Rf6+ Ke7 51. Rf1 e2 52. Re1 Nf2 53. g6 Nd3 0-1

[Event "Mondiale Lampo FIDE 2017"]
[Site "Riyadh"]
[Date "30.12.2017"]
[Round "14.25"]
[White "Inarkiev, Ernesto"]
[Black "Wang, Yue"]
[Result "1-0"]
[WhiteTitle "GM"]
[BlackTitle "GM"]
[WhiteElo "2689"]
[BlackElo "2690"]
[WhiteFideId "4162722"]
[BlackFideId "8601429"]
[EventDate "2017.12.29"]

1. e4 e5 2. Nf3 Nf6 3. Nc3 Bb4 4. Bc4 Bxc3 5. dxc3 d6 6. Qe2 Nbd7 7. Bd3 Qe7 8.
c4 Nc5 9. Nd2 Bg4 10. f3 Be6 11. Nf1 Nh5 12. g3 O-O 13. Ne3 c6 14. Bd2 a6 15.
O-O b5 16. b3 Nf6 17. Rad1 h6 18. Bc3 Rfd8 19. Qg2 a5 20. cxb5 Nxd3 21. cxd3
cxb5 22. d4 b4 23. Ba1 a4 24. Qd2 axb3 25. axb3 Bxb3 26. Rb1 Ra2 27. Qxb4 Be6
28. dxe5 Ne8 29. Bd4 Qg5 30. exd6 Nxd6 31. Rb2 Rxb2 32. Qxb2 Nb5 33. f4 Qh5 34.
Bxg7 Rd3 35. Re1 Qc5 36. Bxh6 Nd4 37. f5 Nf3+ 38. Kh1 Rc3 39. fxe6 Nxe1 40. Qb8+
Kh7 41. exf7 Qd4 42. Qg8+ Kxh6 43. f8=Q+ 1-0

[Event "Mondiale Lampo FIDE 2017"]
[Site "Riyadh"]
[Date "30.12.2017"]
[Round "14.27"]
[White "Movsesian, Sergei"]
[Black "Mchedlishvili, Mikheil"]
[Result "0-1"]
[WhiteTitle "GM"]
[BlackTitle "GM"]
[WhiteElo "2647"]
[BlackElo "2603"]
[WhiteFideId "310204"]
[BlackFideId "13600966"]
[EventDate "2017.12.29"]

1. e4 c5 2. Nf3 d6 3. Nc3 Nf6 4. d4 cxd4 5. Qxd4 a6 6. e5 Nc6 7. Qa4 dxe5 8.
Nxe5 Bd7 9. Nxd7 Qxd7 10. Bd2 e6 11. O-O-O Qc8 12. g4 Be7 13. g5 Nd7 14. Bg2 O-O
15. h4 Nc5 16. Qg4 Ne5 17. Qe2 Nc6 18. h5 b5 19. Be3 Rb8 20. Kb1 Na5 21. Ne4
Nxe4 22. Bxe4 Nc4 23. Ba7 Bxg5 24. h6 g6 25. Bd3 Rb7 26. Bd4 e5 27. Bxc4 exd4
28. Qe5 Bxh6 29. Rxh6 bxc4 30. Qxd4 f6 31. Rdh1 Rg7 32. Qd5+ Kh8 33. R6h4 c3 34.
b3 Qd8 35. Qc4 Qc7 36. Qxa6 Qe7 37. Qd3 Rc8 38. Rc4 Rxc4 39. Qxc4 Qe5 40. a4 Re7
41. Rd1 Kg7 42. Qb4 Rc7 43. Qb6 Re7 44. a5 Re6 45. Qb7+ Re7 46. Qb4 Re6 47. a6
Qc7 48. Qb5 Re7 49. f4 h5 50. f5 g5 51. Qa4 h4 52. Qg4 Re8 53. Qh5 Qf7 54. Qf3
Re7 55. Qxc3 Rc7 56. Qd3 Qe7 57. Qf3 Qc5 58. Qe4 h3 59. Rh1 Qc3 60. Qe2 Ra7 61.
Qh5 Rc7 62. Qg6+ Kf8 63. Qh6+ Kg8 64. Qg6+ Kf8 65. Rc1 Qc6 66. Qh6+ Kg8 67. Qxh3
Qxa6 68. Rh1 Rg7 69. Qh8+ Kf7 70. Re1 Qc6 71. Qh5+ Kf8 72. Qe2 Rc7 73. Qd3 Kg7
74. Rd1 Qc5 75. Rh1 Qc6 76. Rh2 Qc3 77. Qe4 Qc5 78. Rh1 Ra7 79. Qc4 Qa3 80. Qc3
Qa2+ 81. Kc1 Qa1+ 0-1

[Event "Mondiale Lampo FIDE 2017"]
[Site "Riyadh"]
[Date "30.12.2017"]
[Round "14.28"]
[White "Jumabayev, Rinat"]
[Black "Bocharov, Dmitry"]
[Result "1-0"]
[WhiteTitle "GM"]
[BlackTitle "GM"]
[WhiteElo "2612"]
[BlackElo "2583"]
[WhiteFideId "13702661"]
[BlackFideId "4138716"]
[EventDate "2017.12.29"]

1. d4 Nf6 2. Bf4 d6 3. Nc3 Nbd7 4. Nf3 g6 5. e4 Bg7 6. Qd2 O-O 7. O-O-O c5 8.
Bh6 cxd4 9. Nxd4 Nc5 10. f3 Bd7 11. h4 e6 12. h5 Qe7 13. g4 Rfd8 14. Bxg7 Kxg7
15. hxg6 fxg6 16. Bc4 Kh8 17. Qe3 e5 18. Nde2 Bc6 19. Ng3 b5 20. Bxb5 Bxb5 21.
Nxb5 Rab8 22. Nc3 Ne6 23. Rh2 Nf4 24. Rdh1 Qb7 25. b3 Rd7 26. Nce2 Ne6 27. g5
Ne8 28. f4 Qb6 29. Qd2 exf4 30. Nxf4 Nxf4 31. Qxf4 Kg8 32. Qd2 Qc5 33. Ne2 a5
34. Nc3 Qe5 35. Kb1 Rb4 36. Rf2 Qg7 37. Rhf1 h5 38. gxh6 Qe5 39. Rg2 Kh7 40.
Rgf2 Qe6 41. Qd3 Rbb7 42. Nd5 Rf7 43. Rxf7+ Rxf7 44. Rxf7+ Qxf7 45. Qd2 Nc7 46.
Qxa5 Nxd5 47. Qxd5 Qf1+ 48. Kb2 Qf6+ 49. c3 g5 50. Qd3 Qe5 51. Qf3 Kxh6 52. a4
Kg7 53. b4 Qh2+ 54. Kb3 Qg1 55. a5 g4 56. Qf5 g3 57. Qg5+ Kf7 58. Qf5+ Ke7 59.
Qg5+ Kf7 60. a6 g2 61. a7 Qb1+ 62. Kc4 Qa2+ 63. Kb5 Qxa7 64. Qxg2 Qb7+ 65. Kc4
Qa6+ 66. Kb3 Qa1 67. Qf2+ Ke7 68. Qc2 Qa6 69. c4 Qb6 70. Qc3 Qg1 71. Qd3 Qc1 72.
b5 Qa1 73. Qc2 Qa7 74. Qe2 Qa1 75. Qd3 Qa5 76. Qc3 Qa7 77. e5 Qf2 78. exd6+ Kxd6
79. Qd3+ Kc7 80. Qc3 Qe2 81. Qg7+ Kb6 82. Qd4+ Kb7 83. Qd7+ Kb6 84. Qc6+ Ka7 85.
b6+ Ka6 86. Qb5+ Kb7 87. Qc5 Qd1+ 88. Kc3 Qc1+ 89. Kd3 Qd1+ 90. Ke4 Qe2+ 91. Kf4
Qh2+ 92. Kf3 Qh3+ 93. Ke2 Qh2+ 94. Kd3 Qh7+ 95. Kc3 Qg7+ 96. Kb3 Qg3+ 97. Ka4
Qf4 98. Kb5 Qg3 99. Qc7+ Qxc7 100. bxc7 Kxc7 101. Kc5 1-0

[Event "Mondiale Lampo FIDE 2017"]
[Site "Riyadh"]
[Date "30.12.2017"]
[Round "14.30"]
[White "Zhao, Jun"]
[Black "Christiansen, Johan-Sebastian"]
[Result "1/2-1/2"]
[WhiteTitle "GM"]
[BlackTitle "IM"]
[WhiteElo "2604"]
[BlackElo "2495"]
[WhiteFideId "8602522"]
[BlackFideId "1512668"]
[EventDate "2017.12.29"]

1. Nf3 c5 2. g3 Nc6 3. Bg2 g6 4. O-O Bg7 5. d3 Nf6 6. Nc3 d5 7. Rb1 O-O 8. a3
Bg4 9. b4 cxb4 10. axb4 Rc8 11. Bd2 a6 12. b5 axb5 13. Rxb5 b6 14. Qb1 Bxf3 15.
Bxf3 Nd4 16. Rxb6 Nxc2 17. Rb2 Nd4 18. Bg2 e6 19. e3 Nc6 20. d4 Na5 21. Rc1 Nc4
22. Ra2 Rb8 23. Qd3 Qd7 24. Be1 Rfc8 25. Na4 Bf8 26. Raa1 h5 27. h4 Ng4 28. Bf3
Nge5 29. Qd1 Nxf3+ 30. Qxf3 Ra8 31. Qd1 Qc7 32. Nc3 Rxa1 33. Rxa1 Qd7 34. Ne2
Bd6 35. Kg2 Rb8 36. Rb1 Rxb1 37. Qxb1 Qa4 38. Nc3 Qc6 39. Ne2 Bc7 40. Nc1 Qa6
41. Nd3 Na3 42. Qb3 Bd6 43. Nc5 Qa7 44. Nd3 Nc4 45. Qb5 Qa2 46. Kf1 Bxg3 47. Nc5
Bxh4 48. Qe8+ Kg7 49. Nd7 Qa3 50. Nc5 Nd6 51. Qd7 Nf5 52. Nxe6+ Kf6 53. Nf4 Qa6+
54. Kg1 Kg7 55. Nxh5+ Kg8 56. Nf4 Qa1 57. Kf1 Nxe3+ 58. Ke2 Nf5 59. Qxd5 Nxd4+
60. Kf1 Nc2 61. Qe4 Nxe1 62. Qxe1 Qf6 63. Ng2 Bg5 64. Qe2 Qa1+ 65. Qe1 Qa6+ 66.
Qe2 Qd6 67. Qe8+ Kg7 68. Qe2 Qh2 69. Qg4 Qh1+ 70. Ke2 Qc1 71. Qd4+ Bf6 72. Qd2
Qc4+ 73. Qd3 Qe6+ 74. Qe3 Qa2+ 75. Qd2 Qa4 76. Qd3 Bg5 77. Ne1 Qe8+ 78. Kf1 Qa8
79. Nf3 Bf6 80. Kg2 Qc6 81. Kf1 Qc5 82. Kg2 g5 83. Qe4 Qd6 84. Nh2 Qe5 85. Qxe5
Bxe5 86. Nf3 Bf4 87. Nd4 Kg6 88. f3 Be3 89. Nc2 Bc5 90. Ne1 Kf5 91. Nd3 Be3 92.
Kh3 f6 93. Kg2 Ke6 94. Kh3 f5 95. Kg2 Kd5 96. Kf1 Kd4 97. Ke2 Bg1 98. Nb4 Bh2
99. Nd3 Bd6 100. Nf2 Bc7 101. Nh3 Bf4 102. Nf2 Bg3 103. Nd3 Kc4 104. Nb2+ Kc3
105. Nd3 Kd4 106. Nb4 Bd6 107. Nd3 Ba3 108. Nf2 Bd6 109. Nd3 Bg3 110. Nb4 Ke5 1/2-1/2